书目信息 |
| 题名: |
远东反战会议纪念集
|
|
| 作者: | 匡成鸣 主编 ;上海市孙中山宋庆龄文物管理委员会 , 上海宋庆龄研究会 编 | |
| 分册: | ||
| 出版信息: | 上海 东方出版中心 2014 |
|
| 页数: | 825页 | |
| 开本: | 21cm | |
| 丛书名: | ||
| 单 册: | ||
| 中图分类: | D513-53 | |
| 科图分类: | ||
| 主题词: | 反法西斯主义斗争--fan fa xi si zhu yi dou zheng--国际会议--1933--纪念文集 | |
| 电子资源: | ||
| ISBN: | 978-7-5473-0727-4 | |
| 000 | 01091nam0 22002651 450 | |
| 001 | 0120082219 | |
| 005 | 20170320082219.0 | |
| 010 | @a978-7-5473-0727-4@b精装@dCNY108.00 | |
| 100 | @a20150106d2014 em y0chiy50 ea | |
| 101 | 0 | @achi |
| 102 | @aCN@b310000 | |
| 105 | @aa z 000yy | |
| 106 | @ar | |
| 200 | 1 | @a远东反战会议纪念集@9yuan dong fan zhan hui yi ji nian ji@f上海市孙中山宋庆龄文物管理委员会,上海宋庆龄研究会编 |
| 210 | @a上海@c东方出版中心@d2014 | |
| 215 | @a825页@c照片,图@d21cm | |
| 314 | @a主编:匡成鸣 | |
| 330 | @a本书内容包括:远东国际反战会议档案文献;当事人口述回忆;当年报刊史料记载;会议大事记;学者研究文章;后人纪念讲话等。 | |
| 606 | 0 | @a反法西斯主义斗争@9fan fa xi si zhu yi dou zheng@x国际会议@z1933@j纪念文集 |
| 690 | @aD513-53@v5 | |
| 701 | 0 | @a匡成鸣@9kuang cheng ming@4主编 |
| 712 | 02 | @a上海市孙中山宋庆龄文物管理委员会@9shang hai shi sun zhong shan song qing ling wen wu guan li wei yuan hui@4编 |
| 712 | 02 | @a上海宋庆龄研究会@9shang hai song qing ling yan jiu hui@4编 |
| 801 | 0 | @aCN@bTANGWEI@c20170308 |
| 905 | @b0957105-7@dD513-53@e208@f3 | |
| 远东反战会议纪念集/上海市孙中山宋庆龄文物管理委员会,上海宋庆龄研究会编.-上海:东方出版中心,2014 |
| 825页:照片,图;21cm |
| ISBN 978-7-5473-0727-4(精装):CNY108.00 |
| 本书内容包括:远东国际反战会议档案文献;当事人口述回忆;当年报刊史料记载;会议大事记;学者研究文章;后人纪念讲话等。 |
| ● |
| 相关链接 |
|
|
|
|
正题名:远东反战会议纪念集
索取号:D513-53/208
 
预约/预借
| 序号 | 登录号 | 条形码 | 馆藏地/架位号 | 状态 | 备注 |
| 1 | 0957105 | 209571051 | 第一样本阅览室/ [索取号:D513-53/208] | 在馆 | |
| 2 | 0957106 | 209571060 | 第一借阅区/ [索取号:D513-53/208] | 在馆 | |
| 3 | 0957107 | 209571079 | 第一借阅区/ [索取号:D513-53/208] | 在馆 |